Internet Of Things (Record no. 350350)

MARC details
000 -LEADER
fixed length control field 00479nam a2200169Ia 4500
008 - FIXED-LENGTH DATA ELEMENTS--GENERAL INFORMATION
fixed length control field 230718s9999 xx 000 0 und d
020 ## - INTERNATIONAL STANDARD BOOK NUMBER
International Standard Book Number 9788173719547
041 ## - LANGUAGE CODE
Language code of text/sound track or separate title eng
082 ## - DEWEY DECIMAL CLASSIFICATION NUMBER
Classification number 005.678
Item number BAH
100 ## - MAIN ENTRY--PERSONAL NAME
Personal name Bahga A.
9 (RLIN) 197237
245 ## - TITLE STATEMENT
Title Internet Of Things
Remainder of title A Hands-On Approach
260 ## - PUBLICATION, DISTRIBUTION, ETC. (IMPRINT)
Date of publication, distribution, etc. 2014
Name of publisher, distributor, etc. Universities Press
300 ## - PHYSICAL DESCRIPTION
Extent 520
365 ## - TRADE PRICE
Currency code Rs.
Price amount 725.00
700 ## - ADDED ENTRY--PERSONAL NAME
Personal name Bahga A. & Madisetti V.
9 (RLIN) 197238
906 ## - LOCAL DATA ELEMENT F, LDF (RLIN)
d O:0662614-Sep-2019B:IN48807-Sep-2019
c TC
b 1450
Holdings
Withdrawn status Lost status Damaged status Not for loan Home library Current library Date acquired Vendor Budget Code Cost, normal purchase price Bill number Total Checkouts Full call number Barcode Date last seen Date last checked out Discount Cost, replacement price Bill Date Koha item type Original Barcode
        Cummins College of Engineering for Women Pune Cummins College of Engineering for Women Pune 14/09/2019 Pradeep Book Distributors TC 543.75 IN488 8 005.678 CCEP-BK-61557 20/09/2025 05/09/2025 1450 725.00 07/09/2019 Books 061557